00330 a2200109 4500001001000000005001700010008004100027245006400068100002600132773004500158999001700203ART_4693320260410162041.0260409a 10aInconstitucional reforma del Tribunal Fiscal de la Nación1 aSpisso, Rodolfo Roque0 tImpuestosg- N°32 (jul. 2018)wREV45175 c34883d34883